Open Data Biblioteca Nacional de Portugal


República Portuguesa: Ministério da Cultura
Biblioteca Nacional de Portugal

Catálogo da BNP: acesso por Identificadores Unívocos
Registos Bibliográficos associados ao registo de autoridade

Etiqueta de registo: 00000nam 2200025 450
001 2053103
003 http://id.bnportugal.gov.pt/bib/catbnp/2053103
100 ## $a20200818d2019 k y0pory01030103ba
101 0# $aeng$dpor
102 ## $aPT
105 ## $aa m 000yy
106 ## $ar
200 1# $aHotel revenue management$eusing data science to predict booking cancellations$fNuno Miguel da Conceição António$gorient. Ana de Almeida, Luís Nunes
210 #9 $aLisboa$c[s.n.],$d2019
215 ## $a[6], VI, 232 p.$cil.$d30 cm
328 #1 $aTese dout. Information Science and Technology, ISCTE-IUL Instituto Universitário de Lisboa, 2019
675 ## $a004.85(043)$vBN$zpor$31239009
675 ## $a004.94(043)$vBN$zpor$31227404
700 #1 $aAntónio,$bNuno Miguel da Conceição$31788449
702 #1 $97$aAlmeida,$bAna de$4727$31788450
702 #1 $97$aNunes,$bLuís$4727$31788451
801 #0 $aPT$bBN$gRPC
966 ## $lBN$mFGMON$sP. 56276 V.$x1

Etiqueta de registo: 00254nam 2200025 450
001 2177476
003 http://id.bnportugal.gov.pt/bib/catbnp/2177476
100 ## $a20240813d2023 k y0pory01030103ba
101 0# $aeng$dpor
102 ## $aPT
105 ## $aa m 000yy
106 ## $ar
200 1# $a An intelligence approach for the improvement of IT startups' social media strategy$fAna Rita Henrique Peixoto$gorient. Ana de Almeida, Nuno António
210 #9 $aLisboa$c[s.n.],$d2023
215 ## $aXV, 132 p.$cil.$d30 cm
328 #1 $aTese dout. Information Science and Technology, ISCTE - Instituto Universitário de Lisboa, 2023
675 ## $a004.77(043)$vBN$zpor$31229690
700 #1 $aPeixoto,$bAna Rita Henrique$31924639
702 #1 $97$aAlmeida,$bAna de$4727$31788450
702 #1 $aAntónio,$bNuno Miguel da Conceição$4727$31788449
801 #0 $aPT$bBN$gRPC
856 40 $2Cópia digital disponível no Repositório Institucional do Iscte - Instituto Universitário de Lisboa$uhttp://hdl.handle.net/10071/31841
966 ## $lBN$mFGMON$sP. 68508 V.$x1
971 ## $corlando$d20240813
972 ## $e0$z0$d20241226$vasantos
973 ## $cigoulao$d20241220

Etiqueta de registo: 00254nam 2200025 450
001 2284500
003 http://id.bnportugal.gov.pt/bib/catbnp/2284500
100 ## $a20260415d2025 k y0pory01030103ba
101 0# $aeng
102 ## $aPT
105 ## $aa m 000yy
106 ## $ar
200 1# $aContextual analysis of case law$genhancing precedent identification with Artificial Intelligence$fHugo Saisse Mentzingen da Silva$gorient. Fernando Bação, Nuno António
210 #9 $aLisboa$c[s.n.],$d2025
215 ## $aXIV, 211 p.$cil.$d30 cm
328 #1 $aTese dout. Information Management, Instituto Superior de Estatística e Gestão de Informação, Universidade de Lisboa, 2025
675 ## $a004.8(043)$vBN$zpor$31234122
675 ## $a81'322(043)$vBN$zpor$31232600
700 #1 $aSilva,$bHugo Saisse Mentzingen da$31995845
702 #1 $aBação,$bFernando$4727$329799
702 #1 $aAntónio,$bNuno Miguel da Conceição$4727$31788449
801 #0 $aPT$bBN$gRPC
966 ## $lBN$mFGMON$sP. 72595 V.$x1
971 ## $cabrito$d20260415
972 ## $e0$z0$d20260430$vasantos
973 ## $cigoulao$d20260421

OpendataBNP@bnportugal.pt | Mais informação sobre acesso aos dados BNP